| 000 | 00930nam a22002777a 4500 | ||
|---|---|---|---|
| 003 | EG-ScBUE | ||
| 005 | 20220327154121.0 | ||
| 008 | 100118r19461934enk f 000 0beng d | ||
| 040 |
_aEG-ScBUE _beng _erda _cEG-ScBUE _dEG-ScBUE |
||
| 082 | 0 | 4 |
_222 _a848.509 _bROL |
| 100 | 1 |
_910456 _aRolland, Romain, _d1866-1944, _eauthor. |
|
| 245 | 1 | 4 |
_aThe living thoughts of Rousseau / _cpresented by Romain Rolland. |
| 250 | _aReprint edition. | ||
| 264 | 1 |
_aLondon : _bCassell and Company, Limited, _c1946. |
|
| 300 |
_a159 pages ; _c18 cm |
||
| 336 |
_2rdacontent _atext _btxt |
||
| 337 |
_2rdamedia _aunmediated _bn |
||
| 338 |
_2rdacarrier _avolume _bnc |
||
| 600 | 1 | 7 |
_910456 _aRousseau, Jean-Jacques, _d1712-1778. _2BUEsh |
| 650 | 7 |
_aAuthors, French _y18th century _vBiography. _2BUEsh |
|
| 651 | _2BUEsh | ||
| 653 |
_bGGEN _cMarch2022 |
||
| 655 |
_vReading book _934232 |
||
| 942 |
_2ddc _cBB |
||
| 999 |
_c13159 _d13159 |
||